000 01038nam0a22002411 4500
001 rc\412799
005 20260407085136.0
035 _a(NLR Aleph) 005660639
090 _a6869247
_c6869247
100 _a20030616d1988 |||y0rusy50 ca
101 0 _arus
102 _aRU
105 _ay |||||||||
200 1 _aАТТЕСТАЦИЯ минералогических лабораторий
_eВрем. метод. указания
_fМ-во геологии СССР, ВНИИ минер. сырья (ВИМС). Науч. совет по методам минер. исслед.
_g[Исполн.: Г.А. Сидоренко, М.А. Плескова]
210 _aМ.
_cБ. и.
_d1988
215 _a22 с.
_d20
702 1 _aСидоренко
_bГ.А.
_gГалина Александровна
_4570
712 0 2 _aВНИИ минерального сырья им. Н. М. Федоровского
_3RU\NLR\AUTH\8813013
_9298963
801 0 _aRU
_bNLR
_gpsbo
801 1 _aRU
_bELAR
_2rusmarc
852 _aNLR
_j88-4/23491
942 _cBOOK
980 _aNB